000 00884nam a2200253 a 4500
003 CO-ViMGA
005 20230915233133.0
008 141029s2014 sp o gr 00010 spa d
020 _a9788415458371
040 _aCO-ViMGA
_bspa
_cCO-ViMGA
090 _aC STEC
100 1 0 _aStevenson, Robert Louis
_d1850-1894
_92800
245 1 3 _aLa casa de Eld
_cRobert Louis Stevenson
250 _aEdicion especial para El Ministerio de Cultura, Biblioteca Nacional de Colombia
260 _aMadrid
_bEditorial Eneida
_c2013
300 _a103 pg̀inas
_c21 cm
490 _aConfabulaciones
_v63
500 _aIncluye datos biograficos del autor
650 1 4 _aCuentos ingleses
_2LEMB
_ySiglo XIX
_912339
650 1 4 _aImaginacion en la literatura
_2LEMB
_9505
650 1 4 _aLiteratura inglesa
_2LEMB
_ySiglo XIX
_97702
650 1 4 _aRealismo en la literatura
_2LEMB
_924655
942 _2ddc
_cBK
999 _c4038
_d4038